Click Eastern Europe On A Map - Statistics

General Stats
  • This quiz has been taken 44 times
  • The average score is 20 of 21
Answers on the Map
Answers color-coded by a green-red scale on the quiz's map according to % correct below.
 
Answer Stats
Answer % Correct
Albania
100%
Poland
100%
Ukraine
100%
Belarus
97%
Bosnia and Herzegovina
97%
Estonia
97%
Lithuania
97%
North Macedonia
97%
Bulgaria
95%
Czech Republic
95%
Kosovo
95%
Romania
95%
Russia
95%
Serbia
95%
Slovakia
95%
Slovenia
95%
Croatia
92%
Hungary
92%
Latvia
92%
Moldova
92%
Montenegro
92%
No matching quizzes found
Score Distribution
Percent of People with Each Score
Percentile by Number Answered
Your Score History
You have not taken this quiz